书目信息 |
| 题名: |
世界雕塑名作100讲
|
|
| 作者: | 王家斌 , 王鹤 著 | |
| 分册: | ||
| 出版信息: | 天津 百花文艺出版社 2007 |
|
| 页数: | 10,303页 | |
| 开本: | 21cm | |
| 丛书名: | 艺术名作百讲丛书 | |
| 单 册: | ||
| 中图分类: | J305.1 | |
| 科图分类: | ||
| 主题词: | 雕塑--鉴赏--世界 , 雕塑 | |
| 电子资源: | ||
| ISBN: | 978-7-5306-4565-9 | |
| 000 | 00912oam2 2200265 450 | |
| 001 | 1238680546 | |
| 005 | 20121019104516.17 | |
| 010 | @a978-7-5306-4565-9@dCNY31.00 | |
| 100 | @a20070327d2007 em y0chiy50 ea | |
| 101 | 0 | @achi |
| 102 | @aCN@b120000 | |
| 105 | @aa z 000yy | |
| 200 | 1 | @a世界雕塑名作100讲@Ashi jie diao su ming zuo 100 jiang@f王家斌,王鹤著 |
| 210 | @a天津@c百花文艺出版社@d2007 | |
| 215 | @a10,303页@c图@d21cm | |
| 225 | 2 | @a艺术名作百讲丛书 |
| 330 | @a本书精选了世界最著名100个雕塑代表作品,从作品当时创作的年代、内容以及作品如何创作产生和雕塑作品的艺术形式进行了精辟的评析,并对这些世界著名雕塑大师作了简要的介绍。 | |
| 461 | 0 | @12001 @a艺术名作百讲丛书 |
| 606 | 0 | @a雕塑@x鉴赏@y世界 |
| 606 | 0 | @a雕塑 |
| 690 | @aJ305.1@v4 | |
| 701 | 0 | @a王家斌@Awang jia bin@f(1945~)@4著 |
| 701 | 0 | @a王鹤@Awang he@c(美术)@4著 |
| 801 | 0 | @aCN@bNLC@c20101222 |
| 905 | @a10447@dJ305.1@eJY12 | |
| 世界雕塑名作100讲/王家斌,王鹤著.-天津:百花文艺出版社,2007 |
| 10,303页:图;21cm.-(艺术名作百讲丛书) |
| ISBN 978-7-5306-4565-9:CNY31.00 |
| 本书精选了世界最著名100个雕塑代表作品,从作品当时创作的年代、内容以及作品如何创作产生和雕塑作品的艺术形式进行了精辟的评析,并对这些世界著名雕塑大师作了简要的介绍。 |
| ● |
| 相关链接 |
|
|
|
|
正题名:世界雕塑名作100讲
索取号:J305.1/JY12
 
预约/预借
| 序号 | 登录号 | 条形码 | 馆藏地/架位号 | 状态 | 备注 |
| 1 | 7832912 | 278329122 | 学院路分馆/ [索取号:J305.1/JY12] | 在馆 | |
| 2 | 7832913 | 278329131 | 学院路分馆/ [索取号:J305.1/JY12] | 在馆 |